Applied statistics : (Record no. 51702)
[ view plain ]
| 000 -LEADER | |
|---|---|
| fixed length control field | 00957nam a2200289 a 4500 |
| 001 - CONTROL NUMBER | |
| control field | 51702 |
| 003 - CONTROL NUMBER IDENTIFIER | |
| rucl marc code | BD-RjUL |
| 005 - DATE AND TIME OF LATEST TRANSACTION | |
| control field | 20211209075712.0 |
| 008 - FIXED-LENGTH DATA ELEMENTS--GENERAL INFORMATION | |
| fixed length control field | 160901s1981 enka b 001 0 eng |
| 020 ## - INTERNATIONAL STANDARD BOOK NUMBER | |
| International Standard Book Number | 0412165600 : |
| Terms of availability | �15.00 |
| International Standard Book Number | 0412165708 (pbk.) : |
| Terms of availability | �8.50 |
| 035 ## - SYSTEM CONTROL NUMBER | |
| System control number | (BD-RjUL)51822 |
| 040 ## - CATALOGING SOURCE | |
| Original cataloging agency | DLC |
| Transcribing agency | DLC |
| Modifying agency | BD-RjUL |
| Language of cataloging | eng |
| 041 ## - LANGUAGE CODE | |
| Language code of text/sound track or separate title | eng |
| 082 ## - DEWEY DECIMAL CLASSIFICATION NUMBER | |
| Edition number | 23 |
| Classification number | 519.5 |
| Author mark and year | COA 1981 |
| 100 1# - MAIN ENTRY--PERSONAL NAME | |
| Personal name | Cox, D. R. |
| Fuller form of name | (David Roxbee) |
| 9 (RLIN) | 154564 |
| 245 10 - TITLE STATEMENT | |
| Title | Applied statistics : |
| Remainder of title | principles and examples / |
| Statement of responsibility, etc. | D.R. Cox, E.J. Snell. |
| 260 ## - PUBLICATION, DISTRIBUTION, ETC. (IMPRINT) | |
| Place of publication, distribution, etc. | London ; |
| -- | New York : |
| Name of publisher, distributor, etc. | Chapman and Hall, |
| Date of publication, distribution, etc. | c1981 |
| 300 ## - PHYSICAL DESCRIPTION | |
| Pagination | viii, 189 p. : |
| Illustrations | ill. ; |
| Size | 25 cm. |
| 504 ## - BIBLIOGRAPHY, ETC. NOTE | |
| Bibliography, etc | Bibliography: p. 181-183 and indexes. |
| 650 #0 - SUBJECT ADDED ENTRY--TOPICAL TERM | |
| Topical term or geographic name as entry element | Mathematical statistics. |
| 9 (RLIN) | 154569 |
| 700 1# - ADDED ENTRY--PERSONAL NAME | |
| Personal name | Snell, E. J. |
| 776 1# - ADDITIONAL PHYSICAL FORM ENTRY | |
| Record control number | (OCoLC)858945721 |
| 856 41 - ELECTRONIC LOCATION AND ACCESS | |
| Materials specified | SpringerLink |
| Uniform Resource Identifier | <a href="http://dx.doi.org/10.1007/978-94-009-5838-8">http://dx.doi.org/10.1007/978-94-009-5838-8</a> |
| Public note | MIT Access Only |
| 942 ## - ADDED ENTRY ELEMENTS (KOHA) | |
| Source of classification or shelving scheme | Dewey Decimal Classification |
| Koha item type | Books |
| 946 ## - LOCAL PROCESSING INFORMATION (OCLC) | |
| m | SpringerBookArchive |
| Lost status | Source of classification or shelving scheme | Damaged status | Not for loan | Collection code | Permanent Location | Current Location | Shelving location | Date acquired | Source of acquisition | Cost, normal purchase price | Total Checkouts | Full call number | Date last seen | Copy number | Koha item type |
|---|---|---|---|---|---|---|---|---|---|---|---|---|---|---|---|
| Dewey Decimal Classification | Non-fiction | Central Library, University of Rajshahi | Central Library, University of Rajshahi | 25/09/1984 | Toppan | 28.70 | 519.5 COA 1981 | 01/09/2016 | C-2 | Books | |||||
| Dewey Decimal Classification | Non-fiction | Central Library, University of Rajshahi | Central Library, University of Rajshahi | 25/09/1984 | Toppan | 28.70 | 519.5 COA 1981 | 01/09/2016 | C-3 | Books | |||||
| Dewey Decimal Classification | Non-fiction | Central Library, University of Rajshahi | Central Library, University of Rajshahi | 25/09/1984 | Toppan | 28.70 | 519.5 COA 1981 | 01/09/2016 | C-4 | Books | |||||
| Dewey Decimal Classification | Not For Loan | Non-fiction | Central Library, University of Rajshahi | Central Library, University of Rajshahi | Reading Room | 13/09/1983 | Tulip Enterprize, Dhaka | 113.28 | 519.5 COA 1981 | 15/04/2017 | C-1 | Books |